000 00622nam a22002297a 4500
003 DO-SdBNP
005 20180126093923.0
008 151125b 1989 sp xxu||||| |||| 00| 0 spa d
020 _a9788403600638
040 _aBPMSU
_bspa
_cBPMSU
092 _axxxxx
_bxxxxx
100 1 _aBris, Michel Le,
_d1944-
245 1 0 _aLa fiebre de oro /
_cMichel Le Bris
260 _aMadrid :
_bAguilar Universal,
_c1989.
300 _a176 p. :
_bil., retrs.
_c18 cm.
490 1 _aAventuras
830 0 _aAventuras
910 _a00260
942 _2ddc
_cBK
945 _aInventariado, 2018 / YL
956 _aLOPEREZ
_b10
_cBPMSU
999 _c8898
_d8898